Name capitals of countries starting with a letter C - Statistics

General Stats
  • This quiz has been taken 27 times
  • The average score is 12 of 16
Answer Stats
Country Capital % Correct
Canada Ottawa
96%
China Beijing
92%
Colombia Bogota
92%
Cuba Havana
92%
Chile Santiago
92%
Czechia Prague
88%
Cyprus Nicosia
79%
Cambodia Phnom Penh
79%
Croatia Zagreb
79%
Costa Rica San Jose
75%
Cameroon Yaounde
67%
Central africanRebublic Bangui
63%
Congo(Republic of) Brazzaville
58%
Chad N'Djamena
58%
Cabo Verde Praia
54%
Comoros Moroni
42%
No matching quizzes found
Score Distribution
Percent of People with Each Score
Percentile by Number Answered
Your Score History
You have not taken this quiz